Multiples of 30 Quiz - Statistics

General Stats
  • This quiz has been taken 129 times
  • The average score is 24 of 25
Answer Stats
Answer % Correct
30
100%
120
98%
180
98%
210
98%
240
98%
60
98%
90
98%
150
97%
270
97%
300
97%
330
97%
360
97%
390
97%
420
97%
450
95%
480
95%
510
95%
540
95%
570
95%
600
94%
630
94%
660
94%
690
94%
720
94%
750
93%
No matching quizzes found
Score Distribution
Percent of People with Each Score
Percentile by Number Answered
Your Score History
You have not taken this quiz